Statistiken für Kannst du alle Bahnhöfe der Linie S2a nennen?

Klicken Sie hier um das Quiz zu spielen!

Allgemein

  • Dieses Quiz wurde 7 mal gespielt
  • Das Durchschnittsergebnis liegt bei 10 aus 14

Antwortstatistiken

Antwort% Korrekt
Dortmund-Dorstfeld
100%
Dortmund Hauptbahnhof
100%
Herne
100%
Castrop-Rauxel Hauptbahnhof
83%
Essen Hauptbahnhof
83%
Gelsenkirchen Hauptbahnhof
83%
Herne-Wanne-Eickel Hauptbahnhof
83%
Dortmund-Mengede
67%
Dortmund-Nette/Oestrich
67%
Dortmund-Huckarde
50%
Dortmund-Wischlingen
50%
Essen-Kray Nord
50%
Gelsenkirchen-Rotthausen
50%
Dortmund-Westerfilde
33%

Verteilung der Resultate

Perzentil nach korrekt beantworteten Fragen

Anzahl Personen mit jedem Resultat

Ihre Resultats-Entwicklung

Sie haben dieses Quiz noch nicht gespielt